Current Affairs - Lorde (All Lyrics) - Statistics

General Stats
  • This quiz has been taken 44 times
  • The average score is 268 of 340
Answer Stats
Lyrics % Correct
a
96%
He
96%
I
96%
affair
92%
affairs
92%
(Affairs)
92%
Affairs
92%
Current
92%
in
92%
is
92%
it
92%
It
92%
the
92%
was
92%
You
92%
you)
92%
you
92%
bed
88%
cryin'
88%
He's
88%
he's
88%
I'm
88%
my
88%
My
88%
now
88%
on
88%
On
88%
so
88%
then
88%
Then
88%
to
88%
when
88%
and
85%
But
85%
Don't
85%
fi
85%
fire
85%
fire)
85%
like
85%
Mama,
85%
(Mama,
85%
(Oh
85%
oh
85%
oh)
85%
out
85%
scared
85%
scared)
85%
we
85%
your
85%
Blame
81%
blame
81%
edge
81%
edge?
81%
felt
81%
how
81%
know
81%
me
81%
me,
81%
mouth
81%
nothing's
81%
phone
81%
spit
81%
were
81%
Were
81%
(Were
81%
wrong
81%
Yeah,
81%
back
77%
get
77%
hit
77%
Knew
77%
knew
77%
of
77%
only
77%
prayer
77%
sayin'
77%
Swearing
77%
that
77%
under
77%
You're
77%
you're
77%
come
73%
dark
73%
eclipse
73%
field
73%
fucked
73%
Just
73%
Once
73%
park
73%
room
73%
tape
73%
this
73%
this?)
73%
trip
73%
Uh
73%
uh,
73%
uh
73%
All
69%
floor
69%
honeymoon
69%
light,
69%
pearl?
69%
pussy
69%
start
69%
tasted
69%
tends
69%
That's
69%
their
69%
think
69%
true
69%
underwear
69%
Watching
69%
alone
65%
blood
65%
boat,
65%
came
65%
can
65%
'Cause
65%
('Cause
65%
cooled
65%
ever
65%
film
65%
gon'
65%
high
65%
pure
65%
take
65%
Till
65%
enough
62%
good,
62%
good
62%
good)
62%
hear
62%
Stood
62%
Would
62%
dive
58%
(Girl,
58%
girl,
58%
ocean
58%
open
58%
someone
58%
went
58%
door
54%
flare
54%
grip
54%
through
54%
throws
54%
Hope
50%
ignore
50%
tell
46%
Voices
46%
air
27%
airs
23%
give
4%
No matching quizzes found
Score Distribution
Percent of People with Each Score
Percentile by Number Answered
Your Score History
You have not taken this quiz